000 00896nam a2200289 i 4500
001 bg
100 1 _aCzarnecki, Marek.
245 1 0 _aPrawo wekslowe i czekowe :
_bkomentarz /
_cMarek Czarnecki, Lidia Bagińska.
250 _a3 wyd.
260 _aWarszawa :
_bC. H. Beck,
_c2003.
300 _aXV, 940 s. ;
_c23 cm.
490 1 _aDuże Komentarze Becka
504 _aIndeksy.
650 4 _aCzek
_xprawo
_zPolska
_ystan na 2003 r.
650 4 _aWeksle
_xprawo
_zPolska
_ystan na 2003 r.
700 1 _aBagińska, Lidia.
830 0 _aDuże Komentarze Becka
020 _a8372477973
040 _cBPK
041 0 _apol
080 _a347.745/.746(438)
080 _a347.748(438)
920 _a83-7247-797-3
942 _cKS
008 s pl f |000 0 pol
999 _c43120
_d43120
856 _uhttp://koha.tu.koszalin.pl/cgi-bin/koha/opac-detail.pl?biblionumber=43120
_yKatalog online BPK